000 00528nam a2200205Ia 4500
003 LK-CoDNM
008 010623t1949 xxu||||| |||| 00| 1 sin d
040 _aLK-CoDNM
_dLK-CoDNM
_eLK-CoDNM
041 _asin
080 _aJ95
245 _aශ්‍රි ලංකා
246 _aSri Lanka
260 _bBurnard Se Silva
_aColombo
_c1949
300 _b30P., ill., 27 cm
650 _aAnuradhapura New Town
650 _aHydroelectricity
650 _aIrrigation Systems
650 _aPolitical Science
942 _cBK
999 _c101729
_d101729